The 2022-26 Russian Invasion of Ukraine - Statistics

General Stats
  • This quiz has been taken 1,317 times
    53 since last reset
  • The average score is 13 of 17
Answer Stats
Question Answer % Correct
Name of Russian President Vladimir Putin
100%
Letter used as Russian propaganda Z
98%
Country to the north of Ukraine that Russia stationed troops in Belarus
96%
What peninsula annexed in 2014, but is still under fire Crimea
92%
Name of Ukrainian President Volodymyr Zelenskyy
92%
President of the above Alexander Lukashenko
82%
International Alliances that have funded Ukraine, and Ukraine wants to join NATO
82%
Russia has illegally annexed these four oblasts, despite having shaky control Donetsk
80%
Russia has bought drones from this country Iran
80%
Name of larger region in the east where fighting has been happening since 2014 Donbas
78%
European Union
78%
Troops from this country are on the ground and actively fighting against Ukraine North Korea
78%
Luhansk
71%
Kherson
63%
Key Ukrainian city on the Black sea Odesa
61%
Name of high-tech air defense system supplied by U.S. Patriot Missiles
51%
Zaporizhzhia
45%
No matching quizzes found
Score Distribution
Percent of People with Each Score
Percentile by Number Answered
Your Score History
You have not taken this quiz since the last reset